Catholic University of Zimbabwe Library
Online Public Access Catalogue
(OPAC)

Designing environments for people with dementia : (Record no. 29862)

MARC details
000 -LEADER
fixed length control field 02665nam a2200433Ii 4500
001 - CONTROL NUMBER
control field 9781787699717
003 - CONTROL NUMBER IDENTIFIER
control field UtOrBLW
005 - DATE AND TIME OF LATEST TRANSACTION
control field 20210303084852.0
006 - FIXED-LENGTH DATA ELEMENTS--ADDITIONAL MATERIAL CHARACTERISTICS
fixed length control field m o d
007 - PHYSICAL DESCRIPTION FIXED FIELD--GENERAL INFORMATION
fixed length control field cr un|||||||||
008 - FIXED-LENGTH DATA ELEMENTS--GENERAL INFORMATION
fixed length control field 190219s2018 enk ob 001 0 eng d
020 ## - INTERNATIONAL STANDARD BOOK NUMBER
International Standard Book Number 9781787699717 (e-book)
040 ## - CATALOGING SOURCE
Original cataloging agency UtOrBLW
Language of cataloging eng
Description conventions rda
Transcribing agency UtOrBLW
050 #4 - LIBRARY OF CONGRESS CALL NUMBER
Classification number RC521
Item number .B69 2018
072 #7 - SUBJECT CATEGORY CODE
Subject category code MJND
Source bicssc
072 #7 - SUBJECT CATEGORY CODE
Subject category code SOC013000
Source bisacsh
080 ## - UNIVERSAL DECIMAL CLASSIFICATION NUMBER
Universal Decimal Classification number 616.8
082 04 - DEWEY DECIMAL CLASSIFICATION NUMBER
Classification number 616.83
Edition number 23
100 1# - MAIN ENTRY--PERSONAL NAME
Personal name Bowes, Alison,
Relator term author.
245 10 - TITLE STATEMENT
Title Designing environments for people with dementia :
Remainder of title a systematic literature review /
Statement of responsibility, etc. by Alison Bowes and Alison Dawson (Faculty of Social Sciences, University of Stirling, UK).
264 #1 - PRODUCTION, PUBLICATION, DISTRIBUTION, MANUFACTURE, AND COPYRIGHT NOTICE
Name of producer, publisher, distributor, manufacturer Emerald Publishing Limited,
300 ## - PHYSICAL DESCRIPTION
Extent 1 online resource (xi, 123 pages).
490 1# - SERIES STATEMENT
Series statement Emerald points
504 ## - BIBLIOGRAPHY, ETC. NOTE
Bibliography, etc. note Includes bibliographical references and index.
505 0# - FORMATTED CONTENTS NOTE
Formatted contents note Prelims -- Designing environments for people with dementia -- Appendix -- References -- Index.
520 ## - SUMMARY, ETC.
Summary, etc. This review systematically explores and assesses the quality of the evidence base for effective and supportive design of living environments for people living with Dementia. Dementia is a major challenge for all countries, as the population with the condition is growing rapidly. Societies desperately need to identify measures which mean that they can continue to thrive with a large population of people who are cognitively impaired. Medical treatments are poor, and there is little indication of better medications appearing in the coming decades. There is urgent need for non-medical advances which can address the challenge including ensuring environments are conducive to living better with Dementia. Whilst there is a lot of activity in this area of Dementia friendly design, the evidence base remains poorly synthesized and weak.This book pulls evidence together to provide a solid reference point from which further research and further developments in the field of Dementia care and support can proceed.The ebook edition of this title is Open Access and is freely available to read online.
588 0# - SOURCE OF DESCRIPTION NOTE
Source of description note Print version record
650 #0 - SUBJECT ADDED ENTRY--TOPICAL TERM
Topical term or geographic name entry element Dementia
General subdivision Physiological aspects.
650 #7 - SUBJECT ADDED ENTRY--TOPICAL TERM
Topical term or geographic name entry element Social Science, Gerontology.
Source of heading or term bisacsh
650 #7 - SUBJECT ADDED ENTRY--TOPICAL TERM
Topical term or geographic name entry element Alzheimers & dementia.
Source of heading or term bicssc
700 1# - ADDED ENTRY--PERSONAL NAME
Personal name Dawson, Alison,
Relator term author.
776 ## - ADDITIONAL PHYSICAL FORM ENTRY
International Standard Book Number 9781787699748
830 #0 - SERIES ADDED ENTRY--UNIFORM TITLE
Uniform title Emerald points.
856 40 - ELECTRONIC LOCATION AND ACCESS
Uniform Resource Identifier <a href="https://www.emerald.com/insight/publication/doi/10.1108/9781787699717">https://www.emerald.com/insight/publication/doi/10.1108/9781787699717</a>
Holdings
Withdrawn status Lost status Source of classification or shelving scheme Damaged status Not for loan Home library Current library Shelving location Date acquired Total Checkouts Full call number Date last seen Uniform Resource Identifier Price effective from Koha item type
          Digital Library Digital Library Online Access 03.03.2021   RC521 .B69 2018 03.03.2021 https://www.emerald.com/insight/publication/doi/10.1108/9781787699717 03.03.2021 eBook

OPENING HOURS

Weekdays: 0815hrs - 1800hrs
Weekends:0900hrs - 1200hrs

Closed for Mass:

Mon, Thur: 1200hrs - 1300hrs
Sunday & Public Holiday’s

CALL SUPPORT

0242-570570, 0242-570169
09200664, +263 8644140602

LOCATION

18443, Cranborne Avenue, Hatfield, Harare

Other Links


©2021 | CUZ Library